Men's Tennis Players that have 100 Grand Slam Match Wins - Statistics

General Stats
  • This quiz has been taken 56 times
    19 since last reset
  • The average score is 29 of 37
Answer Stats
# of wins Country Answer % Correct
224 United States Andre Agassi
100%
200 United Kingdom Andy Murray
100%
141 Sweden Bjorn Borg
100%
163 Germany Boris Becker
100%
145 Spain David Ferrer
100%
167 United States John McEnroe
100%
143 Croatia Marin Cilic
100%
403 Serbia Novak Djokovic
100%
203 United States Pete Sampras
100%
314 Spain Rafael Nadal
100%
369 Switzerland Roger Federer
100%
160 Switzerland Stan Wawrinka
100%
131 United States Andy Roddick
94%
130 France Gael Monfils
94%
233 United States Jimmy Connors
94%
104 Japan Kei Nishikori
94%
118 Germany Alexander Zverev
88%
148 Australia Lleyton Hewitt
88%
178 Sweden Stefan Edberg
88%
146 Czechia Tomáš Berdych
88%
222 United States Ivan Lendl
82%
118 United States Jim Courier
82%
121 France Jo Wilfried Tsonga
82%
144 Sweden Mats Wilander
82%
117 France Richard Gasquet
82%
110 Croatia Goran Ivanisevic
76%
138 Argentina Guillermo Vilas
76%
106 United States Arthur Ashe
71%
120 United States Michael Chang
65%
113 Spain Fernando Verdasco
59%
105 Germany Tommy Haas
53%
102 United States Stan Smith
47%
107 Spain Tommy Robredo
41%
100 Russia Mikhail Youzhny
29%
100 Bulgaria Grigor Dimitrov
24%
102 United States Todd Martin
24%
104 South Africa Wayne Ferreira
24%
No matching quizzes found
Score Distribution
Percent of People with Each Score
Percentile by Number Answered
Your Score History
You have not taken this quiz since the last reset